Now Thats What I Call Music 106 - Statistics

General Stats
  • This quiz has been taken 6 times
  • The average score is 13 of 40
Answer Stats
Artist(s) Song Title % Correct
Joel Corry ft MNEK Head and Heart
75%
Suf Mesa ft Emilee ily
75%
Jawsh 685 Savage Love
75%
Harry Styles Watermelon Sugar
75%
Topic Breaking Me
50%
Dua Lipa Break My Heart
50%
AJ Tracey ft MoStack Dinner Guest
50%
220 KID & GRACEY Don't Need Love
50%
PS1 Ft Alex Hosking Fake Friends
50%
Nathan Dawe Ft Jaykae Flowers
50%
JP Saxe FT Julia Michaels If the World was Ending
50%
Doja Cat Ft Gucci Mane Like That
50%
Regard Secrets
50%
YUNGBLUD Weird
50%
Sean Paul and Tove Lo Calling on Me
25%
Katy Perry Daisies
25%
Powfu Death Bed
25%
KSI St Swarmz & Tion Wayne Houdini
25%
Tion Wayne FT Dutchavelli & Stormzy I Dunno
25%
Sam Smith and Demi Lovato I'm Ready
25%
The Weeknd In Your Eyes
25%
Kygo and OneRepublic Lose Somebody
25%
Hosh with 1979 Ft Jalja Midnight
25%
Jonas Blue Naked
25%
Rhys Lewis No Right to Love You
25%
StaySolidRocky Party Girl
25%
Robbie Doherty Ft Keees Pour the Milk
25%
Ellie Goulding Power
25%
Simba ft DTG Rover
25%
Jessie Ware Save a Kiss
25%
Natalie Taylor Surrender
25%
THE SCOTTS Ft Travis Scott and Kid Cudi The SCOTTS
25%
Niko B Who's that What's That
25%
Michael Ball, Captain Tom Moore & the NHS Voices of Care Choir You'll Never Walk Alone
25%
Haim Don't Wanna
0%
The 1975 If You're too Shy
0%
Ronan Keating Little Thing Called Love
0%
Disclosure Ft Eko roosevelt Tondo
0%
Paul weller Village
0%
Tom Walker Wait for You
0%
No matching quizzes found
Score Distribution
Percent of People with Each Score
Percentile by Number Answered
Your Score History
You have not taken this quiz